| Tag |
First Indicator |
Second Indicator |
Subfields |
| LEADER |
00000cam a2200000 i 4500 |
| 001 |
in00005720122 |
| 005 |
20260319183921.8 |
| 006 |
m o d |
| 007 |
cr cnu|||unuuu |
| 008 |
210203s2021 enkab ob 001 0 eng d |
| 040 |
|
|
|a N$T
|b eng
|e rda
|e pn
|c N$T
|d N$T
|d OCLCO
|d EBLCP
|d YDX
|d STBDS
|d OCLCF
|d IUL
|d UKAHL
|d OL$
|d OCLCQ
|d OCLCO
|d OCLCQ
|d SFB
|d OCLCQ
|d OCLCO
|d OCLCL
|d VLB
|d OCLCO
|d OCLCQ
|d TEFOD
|
| 019 |
|
|
|a 1197720212
|a 1229918568
|a 1257031115
|
| 020 |
|
|
|a 9780192568397
|q (electronic bk.)
|
| 020 |
|
|
|a 0192568396
|q (electronic bk.)
|
| 020 |
|
|
|a 9780191870989
|q (electronic bk.)
|
| 020 |
|
|
|a 0191870986
|q (electronic bk.)
|
| 020 |
|
|
|a 9780192568403
|q (electronic bk.)
|
| 020 |
|
|
|a 019256840X
|q (electronic bk.)
|
| 020 |
|
|
|z 9780198832348
|
| 020 |
|
|
|z 0198832346
|
| 035 |
|
|
|a (OCoLC)1236029454
|z (OCoLC)1197720212
|z (OCoLC)1229918568
|z (OCoLC)1257031115
|
| 037 |
|
|
|a F4BBDA5A-AAF1-4E86-8EA6-2783CB302B36
|b OverDrive, Inc.
|n http://www.overdrive.com
|
| 050 |
|
4 |
|a HD75
|
| 082 |
0 |
4 |
|a 338.90019
|2 23
|
| 049 |
|
|
|a TXAM
|
| 100 |
1 |
|
|a Huggins, Robert,
|e author.
|1 https://id.oclc.org/worldcat/entity/E39PCjHp3vwVQ4Tv74vBXD88cq
|
| 245 |
1 |
2 |
|a A behavioural theory of economic development :
|b the uneven evolution of cities and regions /
|c Robert Huggins and Piers Thompson.
|
| 250 |
|
|
|a First edition.
|
| 264 |
|
1 |
|a Oxford ;
|a New York :
|b Oxford University Press,
|c 2021.
|
| 300 |
|
|
|a 1 online resource (xii, 310 pages) :
|b illustrations (some color), color maps
|
| 336 |
|
|
|a text
|b txt
|2 rdacontent
|
| 337 |
|
|
|a computer
|b c
|2 rdamedia
|
| 338 |
|
|
|a online resource
|b cr
|2 rdacarrier
|
| 504 |
|
|
|a Includes bibliographical references and index.
|
| 520 |
|
|
|a This book establishes a novel behavioural theory of economic development to illustrate that differences in human behaviour across cities and regions, both individually and collectively, are a significant deep-rooted cause of uneven development within and across nations.
|
| 588 |
0 |
|
|a Online resource; title from PDF title page (Oxford Scholarship Online, viewed April 15, 2021).
|
| 505 |
0 |
|
|a Introduction: Behaviour and the development problem -- Human behaviour and the development of cities and regions -- The psychocultural life of cities and regions -- Agency, economic evolution, and history -- Institutions, capital, and network behaviour -- The co-evolution of culture, psychology, and institutions -- The nature and sources of agency -- Agency, entrepreneurship, and innovation -- An extended behavioural model of economic development -- Addressing unevenness.
|
| 650 |
|
0 |
|a Economic development
|x Psychological aspects.
|
| 650 |
|
6 |
|a Développement économique
|x Aspect psychologique.
|
| 650 |
|
7 |
|a Economic development
|x Psychological aspects
|2 fast
|
| 655 |
|
7 |
|a Electronic books.
|2 local
|
| 700 |
1 |
|
|a Thompson, Piers,
|e author.
|1 https://id.oclc.org/worldcat/entity/E39PCjx3TQbtXvjQw6hQY9XBGd
|
| 758 |
|
|
|i has work:
|a A behavioural theory of economic development (Text)
|1 https://id.oclc.org/worldcat/entity/E39PCGX7c6FKhd6fWKKhTVQKBP
|4 https://id.oclc.org/worldcat/ontology/hasWork
|
| 776 |
0 |
8 |
|i Print version:
|a Huggins, Robert.
|t Behavioural theory of economic development.
|d New York, NY : Oxford University Press, 2021
|z 9780198832348
|w (DLC) 2020944368
|w (OCoLC)1191200658
|
| 856 |
4 |
0 |
|u http://proxy.library.tamu.edu/login?url=https://academic.oup.com/book/39734
|z Connect to the full text of this electronic book
|t 0
|
| 955 |
|
|
|a Oxford Scholarship Online
|
| 994 |
|
|
|a 92
|b TXA
|
| 999 |
f |
f |
|i be9c0640-edbf-4f35-8cc9-bba4c7230bda
|s fb37d3e5-1bbe-47ba-ad55-e1e1a1804f61
|t 0
|
| 952 |
f |
f |
|a Texas A&M University
|b College Station
|c Electronic Resources
|s www_evans
|d Available Online
|t 0
|e HD75
|h Library of Congress classification
|
| 998 |
f |
f |
|a HD75
|t 0
|l Available Online
|